<?xml version="1.0" encoding="UTF-8"?>
<record
    xmlns:xsi="http://www.w3.org/2001/XMLSchema-instance"
    xsi:schemaLocation="http://www.loc.gov/MARC21/slim http://www.loc.gov/standards/marcxml/schema/MARC21slim.xsd"
    xmlns="http://www.loc.gov/MARC21/slim">

  <leader>01743nam a2200241Ia 4500</leader>
  <controlfield tag="003">OSt</controlfield>
  <controlfield tag="005">20251117121214.0</controlfield>
  <controlfield tag="008">210210b2008   xxu||||| |||| 00| 0 eng d</controlfield>
  <datafield tag="040" ind1=" " ind2=" ">
    <subfield code="c">AL</subfield>
  </datafield>
  <datafield tag="041" ind1=" " ind2=" ">
    <subfield code="a">Kannada</subfield>
  </datafield>
  <datafield tag="082" ind1=" " ind2=" ">
    <subfield code="a">K894.301 JOGR</subfield>
  </datafield>
  <datafield tag="100" ind1=" " ind2=" ">
    <subfield code="a">Jogi</subfield>
    <subfield code="d">&#xC9C;&#xCCB;&#xC97;&#xCBF;</subfield>
    <subfield code="9">245914</subfield>
  </datafield>
  <datafield tag="245" ind1=" " ind2=" ">
    <subfield code="a">Rayabhagada rahassya ratri</subfield>
    <subfield code="b">&#xCB0;&#xCBE;&#xCAF;&#xCAD;&#xCBE;&#xC97;&#xCA6; &#xCB0;&#xCB9;&#xCB8;&#xCCD;&#xCAF; &#xCB0;&#xCBE;&#xCA4;&#xCCD;&#xCB0;&#xCBF;</subfield>
  </datafield>
  <datafield tag="260" ind1=" " ind2=" ">
    <subfield code="a">Bengaluru</subfield>
    <subfield code="b">Ankita Pustaka</subfield>
    <subfield code="c">2008</subfield>
  </datafield>
  <datafield tag="300" ind1=" " ind2=" ">
    <subfield code="a">106</subfield>
  </datafield>
  <datafield tag="520" ind1=" " ind2=" ">
    <subfield code="a">&#xC87;&#xCB5;&#xCA4;&#xCCD;&#xCA4;&#xCBF;&#xCA8; &#xCAE;&#xC95;&#xCCD;&#xC95;&#xCB3;&#xCBF;&#xC97;&#xCC6; &#xCA6;&#xCC6;&#xCB5;&#xCCD;&#xCB5;&#xC97;&#xCB3;&#xCC6;&#xC82;&#xCA6;&#xCB0;&#xCC6; &#xC9F;&#xCC0;&#xCB5;&#xCBF; &#xCB8;&#xCC0;&#xCB0;&#xCBF;&#xCAF;&#xCB2;&#xCCD;&#xCB2;&#xCC1;&#xC97;&#xCB3;&#xCB2;&#xCCD;&#xCB2;&#xCBF;, &#xCB8;&#xCBF;&#xCA8;&#xCBF;&#xCAE;&#xCBE;&#xC97;&#xCB3;&#xCB2;&#xCCD;&#xCB2;&#xCBF; &#xC95;&#xCBE;&#xCA3;&#xCC1;&#xCB5; &#xCB8;&#xC82;&#xC97;&#xCA4;&#xCBF;&#xC97;&#xCB3;&#xCBE;&#xC97;&#xCBF; &#xC89;&#xCB3;&#xCBF;&#xCA6;&#xCBF;&#xCB5;&#xCC6;. &#xCB9;&#xCB3;&#xCCD;&#xCB3;&#xCBF;&#xC97;&#xCB3;&#xCB2;&#xCCD;&#xCB2;&#xCC2; &#xC85;&#xCB7;&#xCCD;&#xC9F;&#xCBE;&#xC97;&#xCBF; &#xCA6;&#xCC6;&#xCB5;&#xCCD;&#xCB5;&#xC97;&#xCB3;&#xCBF;&#xCA6;&#xCCD;&#xCA6;&#xC82;&#xCA4;&#xCBF;&#xCB2;&#xCCD;&#xCB2;. &#xCA8;&#xCBE;&#xCB5;&#xCC6;&#xCB2;&#xCCD;&#xCB2; &#xCAC;&#xCC1;&#xCA6;&#xCCD;&#xCA7;&#xCBF;&#xCB5;&#xC82;&#xCA4;&#xCB0;&#xCC2; &#xCA4;&#xCB0;&#xCCD;&#xC95;&#xCAC;&#xCA6;&#xCCD;&#xCA7;&#xCB5;&#xCBE;&#xC97;&#xCBF; &#xCAF;&#xCCB;&#xC9A;&#xCBF;&#xCB8;&#xCAC;&#xCB2;&#xCCD;&#xCB2;&#xCB5;&#xCB0;&#xCC2; &#xC9C;&#xCBE;&#xCA3;&#xCB0;&#xCC2; &#xC86;&#xCA6; &#xCAE;&#xCC7;&#xCB2;&#xCC6; &#xCA6;&#xCC6;&#xCB5;&#xCCD;&#xCB5;&#xC97;&#xCB3;&#xCC6;&#xCB2;&#xCCD;&#xCB2; &#xC85;&#xCB8;&#xCCD;&#xCA4;&#xCBF;&#xCA4;&#xCCD;&#xCB5; &#xC95;&#xCB3;&#xC95;&#xCCA;&#xC82;&#xCA1;&#xCC1; &#xCAC;&#xCBF;&#xC9F;&#xCCD;&#xC9F;&#xCBF;&#xCB5;&#xCC6;.

&#xC86;&#xCA6;&#xCB0;&#xCC6; &#xCA6;&#xCC6;&#xCB5;&#xCCD;&#xCB5;&#xC97;&#xCB3; &#xC95;&#xCA4;&#xCC6;&#xC97;&#xCB3;&#xCB2;&#xCCD;&#xCB2;&#xCBF; &#xC87;&#xCB0;&#xCC1;&#xCB5; &#xC95;&#xCC1;&#xCA4;&#xCC2;&#xCB9;&#xCB2;&#xCB5;&#xCA8;&#xCCD;&#xCA8;&#xCC1; &#xC93;&#xCA6;&#xCBF;&#xCA6;&#xCB5;&#xCB0;&#xCC7; &#xCAC;&#xCB2;&#xCCD;&#xCB2;&#xCB0;&#xCC1;. &#xC87;&#xCB2;&#xCCD;&#xCB2;&#xCBF; &#xC9C;&#xCCB;&#xC97;&#xCBF;&#xCAF;&#xCB5;&#xCB0;&#xCC1; &#xCAC;&#xCB0;&#xCC6;&#xCA6; &#xC86;&#xCB0;&#xCC7;&#xCB3;&#xCC1; &#xCA6;&#xCC6;&#xCB5;&#xCCD;&#xCB5;&#xCA6; &#xC95;&#xCA4;&#xCC6;&#xC97;&#xCB3;&#xCBF;&#xCB5;&#xCC6;. &#xC92;&#xC82;&#xCA6;&#xCC6;&#xCB0;&#xCA1;&#xCC1; &#xCAC;&#xCC7;&#xC9F;&#xCC6;&#xCAF; &#xC95;&#xCA4;&#xCC6;&#xC97;&#xCB3;&#xCBF;&#xCB5;&#xCC6;. &#xCA8;&#xCBF;&#xCAE;&#xC97;&#xCC6; &#xCA6;&#xCC6;&#xCB5;&#xCCD;&#xCB5;&#xCA6; &#xC95;&#xCA4;&#xCC6;&#xC97;&#xCB3;&#xCC1; &#xC87;&#xCB7;&#xCCD;&#xC9F;&#xCB5;&#xCBE;&#xCA6;&#xCB0;&#xCC6; &#xCA8;&#xCC0;&#xCB5;&#xCBF;&#xCA6;&#xCA8;&#xCCD;&#xCA8;&#xCC1; &#xC93;&#xCA6;&#xCB2;&#xCC7;&#xCAC;&#xCC7;&#xC95;&#xCC1;</subfield>
  </datafield>
  <datafield tag="650" ind1=" " ind2=" ">
    <subfield code="a">Rayabhagada</subfield>
    <subfield code="9">245915</subfield>
  </datafield>
  <datafield tag="650" ind1=" " ind2=" ">
    <subfield code="a">ratri</subfield>
    <subfield code="9">245916</subfield>
  </datafield>
  <datafield tag="650" ind1=" " ind2=" ">
    <subfield code="a">rahassya</subfield>
    <subfield code="9">245917</subfield>
  </datafield>
  <datafield tag="690" ind1=" " ind2=" ">
    <subfield code="a">Kannada Fiction</subfield>
    <subfield code="9">245918</subfield>
  </datafield>
  <datafield tag="906" ind1=" " ind2=" ">
    <subfield code="a">063117</subfield>
  </datafield>
  <datafield tag="942" ind1=" " ind2=" ">
    <subfield code="2">ddc</subfield>
    <subfield code="c">BK</subfield>
  </datafield>
  <datafield tag="999" ind1=" " ind2=" ">
    <subfield code="c">135491</subfield>
    <subfield code="d">135491</subfield>
  </datafield>
  <datafield tag="952" ind1=" " ind2=" ">
    <subfield code="0">0</subfield>
    <subfield code="1">0</subfield>
    <subfield code="2">ddc</subfield>
    <subfield code="4">0</subfield>
    <subfield code="7">0</subfield>
    <subfield code="8">KAN</subfield>
    <subfield code="a">AL</subfield>
    <subfield code="b">AL</subfield>
    <subfield code="c">Kannada Literature</subfield>
    <subfield code="d">2021-02-17</subfield>
    <subfield code="e">Athree book centre</subfield>
    <subfield code="g">70.00</subfield>
    <subfield code="l">0</subfield>
    <subfield code="o">K894.301 JOGR</subfield>
    <subfield code="p">063117</subfield>
    <subfield code="r">2021-02-17 00:00:00</subfield>
    <subfield code="w">2021-02-17</subfield>
    <subfield code="y">BK</subfield>
  </datafield>
</record>
